Practical points in allergy / (Record no. 3563)

MARC details
000 -LEADER
fixed length control field 00961nac a22002531u 4500
010 ## - LIBRARY OF CONGRESS CONTROL NUMBER
LC control number 79090641
020 ## - INTERNATIONAL STANDARD BOOK NUMBER
International Standard Book Number 0874887313
082 00 - DEWEY DECIMAL CLASSIFICATION NUMBER
Classification number 616.97
Item number W4361
090 ## - LOCALLY ASSIGNED LC-TYPE CALL NUMBER (OCLC); LOCAL CALL NUMBER (OCLC)
-- 3563
-- 3563
100 ## - MAIN ENTRY--PERSONAL NAME
Personal name Weiss, Nathan S.
245 10 - TITLE STATEMENT
Title Practical points in allergy /
Statement of responsibility, etc Nathan S. Weiss, James M. Rubin ; with the assistance of Jeanmarie Napolitano.
250 ## - EDITION STATEMENT
Edition statement 2d ed.
260 ## - PUBLICATION, DISTRIBUTION, ETC. (IMPRINT)
Place of publication, distribution, etc Garden City, N.Y. :
Name of publisher, distributor, etc Medical Examination Pub. Co.,
Date of publication, distribution, etc 1980.
300 ## - PHYSICAL DESCRIPTION
Extent [8], 214 p. :
Other physical details ill. ;
Dimensions 22 cm.
500 ## - GENERAL NOTE
General note In earlier ed. published in 1974, Rubin's name appeared first on t.p.
500 ## - GENERAL NOTE
General note Includes index.
500 ## - GENERAL NOTE
General note Donations.
500 ## - GENERAL NOTE
General note Donations - Bibliotheca Alexandrina.
504 ## - BIBLIOGRAPHY, ETC. NOTE
Bibliography, etc Bibliography: 5th prelim. page.
650 #0 - SUBJECT ADDED ENTRY--TOPICAL TERM
Topical term or geographic name as entry element Allergy.
700 1# - ADDED ENTRY--PERSONAL NAME
Personal name Rubin, James M.,
Dates associated with a name 1935-
942 ## - ADDED ENTRY ELEMENTS (KOHA)
Item type Book - Borrowing
Call number prefix 616.97W4361
Holdings
Withdrawn status Item status Source of classification or shelving scheme Damaged status Not for loan Home library Current library Shelving location Date acquired Source of acquisition Total Checkouts Full call number Barcode Date last seen Koha item type
    Dewey Decimal Classification     Central Library Central Library First floor 29/04/2007 Purchase   616.97 WEI 000046603 15/07/2025 Book - Borrowing